000 00279nam a2200109Ia 4500
008 230907s9999||||xx |||||||||||||| ||und||
082 _a621.31244
_bMAT
245 0 _aMaterials challenges :
260 _aCambrdige ,
_bCambridge :
_c2015
300 _axii, 343 pages :
942 _cBK
999 _c597961
_d597961